[Event "Mecklenburg VP-ch U18"]
[Site "Malchow"]
[Date "2019.02.04"]
[Round "4.7"]
[White "Troemer, Axel"]
[Black "Duyster, Ben"]
[Result "1-0"]
[WhiteElo "1381"]
[BlackElo "889"]
[PlyCount "49"]
[EventDate "2019.02.02"]
[EventType "swiss"]
[EventRounds "7"]
[EventCountry "GER"]
[SourceTitle "EXT 2022"]
[Source "ChessBase"]
[SourceDate "2021.10.06"]
[SourceVersion "1"]
[SourceVersionDate "2021.10.06"]
[SourceQuality "1"]

1. e4 e5 2. Nf3 Nc6 3. Bb5 Nf6 4. 0-0 a6 5. Ba4 b5 6. Bb3 Nxe4 7. d4 Bd6 8. Nxe5 Nxe5 9. dxe5 Bxe5 10. Qf3 Qe7 11. Re1 Bb7 12. Bf4 Bxb2 13. Nd2 Bxa1 14. Nxe4 0-0 15. Qd3 Rfe8 16. f3 Rad8 17. Bg5 Bf6 18. Nxf6+ Qxf6 19. Rxe8+ Rxe8 20. Bxf6 gxf6 21. Qxd7 Rf8 22. Qxc7 Bc8 23. Qg3+ Kh8 24. Qf4 Be6 25. Qxf6+ 1-0

[Event "Mecklenburg VP-ch U18"]
[Site "Malchow"]
[Date "2019.02.03"]
[Round "2.8"]
[White "Duyster, Ben"]
[Black "Roessler, Hans Juergen"]
[Result "0-1"]
[WhiteElo "889"]
[BlackElo "1268"]
[PlyCount "68"]
[EventDate "2019.02.02"]
[EventType "swiss"]
[EventRounds "7"]
[EventCountry "GER"]
[SourceTitle "EXT 2022"]
[Source "ChessBase"]
[SourceDate "2021.10.06"]
[SourceVersion "1"]
[SourceVersionDate "2021.10.06"]
[SourceQuality "1"]

1. e4 c6 2. Nc3 d5 3. d3 dxe4 4. Nxe4 Bf5 5. Qf3 e6 6. Be3 Be7 7. d4 Nf6 8. Bd3 Bg6 9. 0-0-0 Nbd7 10. h3 Nxe4 11. Bxe4 Bxe4 12. Qxe4 Nf6 13. Qd3 Qd5 14. Kb1 Qxg2 15. Ne2 Qe4 16. Qd2 Nd5 17. a3 Nxe3 18. fxe3 Bg5 19. Ng3 Qxe3 20. Qxe3 Bxe3 21. Rd3 Bh6 22. Ne4 Rd8 23. Nc5 b6 24. Na4 0-0 25. c3 e5 26. Re1 exd4 27. cxd4 Rfe8 28. Red1 Re3 29. Kc2 Rxd3 30. Rxd3 g6 31. b4 f5 32. Kc3 Bg7 33. Nb2 c5 34. bxc5 bxc5 0-1